00568 2200169 4500001002100000005001500021035002000036007000300056008004100059082001200100084001800112100002100130245016900151260003200320300002900352990001700381INLIS00000000000593820260701011938 a0010-0726000003ta260701 u dut  a91(910) a91(910) WIC b1 aWICHMANN, Arthur1 aBERICHT über eine im jahre 1888-1889 im auftrage der niederlandischen geograqphischen gesellschaft ausgefuhrte reise nach dem indischen archipel /cArthur Wichmann aLeiden :bE.J. Brill,c1890 a314 p. :bill. ;c24 cm. a0335/KA/2026